| 000 | 00360 a2200157 4500 | ||
|---|---|---|---|
| 001 | 71154 | ||
| 020 | _a8526256491 | ||
| 040 | _cAnchieta - Colégio São Paulo | ||
| 100 | _aTwain, Mark | ||
| 240 | 1 | 0 |
_aAs aventuras de Tom Sawyer _lpor |
| 245 | 1 | 0 | _aAs aventuras de Tom Sawyer |
| 300 | _a96 | ||
| 362 | 0 | _a2004 | |
| 650 | 4 | _aLiteratura juvenil | |
| 942 | _cBK | ||
| 999 |
_c71154 _d71154 |
||